000 00735nam a2200253 i 4500
001 C2-0276584
003 PPAK
005 20180728004945.0
008 061203s2005 my a|||| ||||| | eng d
020 _a983300007X
040 _aPPAK
_beng
_cPPAK
_erda
082 0 4 _a428.6
_223
090 0 0 _a428.6
_bCRO
_dK
245 0 4 _aThe crow & the pitcher
264 1 _aBatu Caves, Selangor :
_bEarly Learner Publications ,
_c2005
300 _a18 pages :
_bcolour illustrations ;
_c27 cm
336 _2rdacontent
_atext
337 _2rdamedia
_aunmediated
338 _2rdacarrier
_avolume
490 1 _aFable on wisdom and values series
650 1 0 _aReaders - Fiction.
830 0 _aFable on wisdom and values series
942 _ddc
_cB
999 _c84005
_d84005